The Ultimate Adventure Time Quiz 🎬 - Statistics

General Stats
  • This quiz has been taken 134 times
  • The average score is 16 of 30
Answer Stats
Hint Answer % Correct
What is the name of Jake's girlfriend? Lady Rainicorn
86%
How old is Finn? 13
85%
Here's a sweet question: Who rules the Candy Kingdom? Princess Bubblegum
85%
Who is Finn's ex-girlfriend? Flame Princess
84%
Who is Me-Mow trying to kill in hopes of becoming a full Assassin in the Assassin's Guild Wildberry Princess
79%
What is the name of the vampire queen who originally fought the heroes but eventually became their friend? Marceline
78%
What is the animal that can be seen somewhere in every episode? Snail
78%
In this show two friends go on many odd adventures. One is a human boy, the other a dog with unique abilities. What is the name of the human boy? Finn
75%
What has been shown to be Finn's biggest fear? Ocean
72%
What is the Ice King's real name? Simon Petrikov
68%
Lady Rainicorn speaks what language? Korean
67%
What is the name of the worm that lives in Jake's viola? Shelby
67%
Flame Princess is friends with what minor character? Cinnamon Bun
64%
Who said this: "You have just cost me 5 or 6 potential wives for that, you'll [gets cut off as Finn kicks him]" Ice king
61%
Is Finn a dog and Jake a human? No
60%
What color is Finn's backpack? Green
59%
What is the full name of Marceline the Vampire Queen's father? Hunson Abadeer
49%
In the episode "What is Life," Finn builds a robot to help him prank Jake. What is the name of the robot? N.E.P.T.R.
49%
The Ice King was once attempting to control the heart of a certain princess when he lost control over his own. His heart then took on a personality and was able to walk around by itself. What name did the heart then go by? Ricardio
47%
How many Princesses were in Ice King's Prison in the episode, "The Prisoner"? 6
46%
Another creature from Ooo likes to bake apple pies. She and our heroes once travelled to an ancient forest so that she could find and eat the legendary Crystal Apple. Who is this person? Tree Trunks
44%
One of the inhabitants of Ooo sells our heroes things from time to time such as armor and glasses which make them super smart. This animal is rather silly and talks only in rhymes. What is his name? Choose Goose
41%
Finn and Jake chase the Lich into the multiverse, where they encounter Prismo, a being who can grant one wish per person. The Lich wished for extinction of all life, so Finn counters that by wishing that the Lich never existed. Finn ends up in an alternate universe. What is his last name that is mentioned there? Mertens
39%
In "Root Beer Guy", the protagonist (in this situation, Root Beer Guy) writes what genre of stories? Mystery
38%
Who was the original Goblin King? Xergiok
33%
In the episode "The Enchiridion", Finn and Jake meet pixies that destroy what? Old ladies
32%
What was Finn's original name? Pen
24%
What color is Finn's hair? Golden
18%
According to Lumpy Space Princess, what food does she enjoy? Baked beans
8%
Marceline is not a traditional vampire. What does she primarily eat? Shades of red
6%
No matching quizzes found
Score Distribution
Percent of People with Each Score
Percentile by Number Answered
Your Score History
You have not taken this quiz